000 01191nam a2200277 a 4500
999 _c329507
_d329507
003 BLK
005 20250710102856.0
008 180411b bul|||||r ||||||| ||bul||
020 _a9786190203735
040 _aBLK
041 _aBUL
_cBUL
072 7 _2bullib
_aН83
_xЧужда художествена литература Н
080 _aШвейцарска литература
_b821(494)
_x-31
_z821(494)-31
100 1 _aДикер, Жоел
_d1985 -
_eпърви автор
_961431
139 _aДикер, Жоел
_bД 53
245 1 0 _aИзчезването на Стефани Мейлър
_b[Роман]
_cЖоел Дикер; прев. [от фр.] Красимир Петров.
257 _aSWI
260 _bКолибри
_c2019
_fСофия : Инвестпрес
_9209486
_n978-619-02- ; 978-619-150- ; 978-954-150- ; 978-954-529-
300 _a584 с.
_c21 см
380 _aX
500 _aОриг. загл.: Lа disparition de Stephanie Mailer / Joel Dicker.
659 _aН
700 1 _aПетров, Красимир Тодоров
_eпрев. от фр.
_9364448
942 _cKNG
_n0
_s1
_065
944 _aED
_c2022-02-16
_k30576
_lЦветомила Тодорова